000
00272nam a22001217a 4500
008
170323b xxu||||| |||| 00| 0 eng d
041
_a
eng
080
_a
616.9
100
_a
7
101
_a
SHM
245
_a
SEMUNDJET INFEKTIVE DHE EPIDEMIKE
_c
BUSHATI, S
942
_2
udc
_c
BK
999
_c
8468
_d
8468